| 000 | 00433nam a2200181Ia 4500 | ||
|---|---|---|---|
| 003 | OSt | ||
| 005 | 20240109143253.0 | ||
| 008 | 210210b1909 xxu||||| |||| 00| 0 eng d | ||
| 040 | _cAL | ||
| 041 | _aeng | ||
| 082 | _a519/50 | ||
| 100 |
_aFAWDRY (R C) _9147804 |
||
| 245 | _aProblem papers in mathematics | ||
| 260 |
_aLondon _bMacmillan & Co. Ltd. _c1909 |
||
| 690 |
_aMathematics _9147809 |
||
| 906 | _a007911 | ||
| 942 |
_2ddc _cBK |
||
| 999 |
_c124779 _d124779 |
||